Central Library OPAC University of Rajshahi

Studies in seventeenth-century poetic / (Record no. 19649)

MARC details
000 -LEADER
fixed length control field 01017nam a2200277 a 4500
001 - CONTROL NUMBER
control field 19649
003 - CONTROL NUMBER IDENTIFIER
rucl marc code BD-RjUL
005 - DATE AND TIME OF LATEST TRANSACTION
control field 20211209000447.0
008 - FIXED-LENGTH DATA ELEMENTS--GENERAL INFORMATION
fixed length control field 140225r19651950wiua b 001 1 eng d
035 ## - SYSTEM CONTROL NUMBER
System control number (BD-RjUL)19709
040 ## - CATALOGING SOURCE
Original cataloging agency WASPW
Language of cataloging eng
Transcribing agency WASPW
Modifying agency AUC
-- BD-RjUL
041 ## - LANGUAGE CODE
Language code of text/sound track or separate title eng
082 00 - DEWEY DECIMAL CLASSIFICATION NUMBER
Classification number 821.409
Author mark and year WAS 1965
100 1# - MAIN ENTRY--PERSONAL NAME
Personal name Wallerstein, Ruth C.
Fuller form of name (Ruth Coons),
Dates associated with a name 1893-1958.
9 (RLIN) 56561
245 10 - TITLE STATEMENT
Title Studies in seventeenth-century poetic /
Statement of responsibility, etc. Ruth C. Wallerstein.
260 ## - PUBLICATION, DISTRIBUTION, ETC. (IMPRINT)
Place of publication, distribution, etc. Madison :
Name of publisher, distributor, etc. University of Wisconsin Press,
Date of publication, distribution, etc. 1950 [reprinted 1965].
300 ## - PHYSICAL DESCRIPTION
Pagination x, 421 p. :
Illustrations illus.
Size 22 cm.
504 ## - BIBLIOGRAPHY, ETC. NOTE
Bibliography, etc Bibliographic references included in "Notes" (p. [371]-400)
600 10 - SUBJECT ADDED ENTRY--PERSONAL NAME
Personal name Marvell, Andrew,
Dates associated with a name 1621-1678.
650 #0 - SUBJECT ADDED ENTRY--TOPICAL TERM
Topical term or geographic name as entry element English poetry
Chronological subdivision Early modern, 1500-1700
General subdivision History and criticism.
9 (RLIN) 4392
Topical term or geographic name as entry element Elegiac poetry, English
General subdivision History and criticism.
9 (RLIN) 55558
651 #0 - SUBJECT ADDED ENTRY--GEOGRAPHIC NAME
Geographic name Great Britain
General subdivision Intellectual life
Chronological subdivision 17th century.
9 (RLIN) 55006
942 ## - ADDED ENTRY ELEMENTS (KOHA)
Source of classification or shelving scheme Dewey Decimal Classification
Koha item type Books
Holdings
Lost status Source of classification or shelving scheme Damaged status Not for loan Collection code Permanent Location Current Location Shelving location Date acquired Source of acquisition Cost, normal purchase price Total Checkouts Full call number Date last seen Copy number Koha item type
  Dewey Decimal Classification     Fiction Central Library, University of Rajshahi Central Library, University of Rajshahi   14/10/1965 Blackwell. 24.00   821.409 WAS 1965 25/02/2014 C-2 Books
  Dewey Decimal Classification     Fiction Central Library, University of Rajshahi Central Library, University of Rajshahi Reading Room 01/05/1965 Zitlinger 52.00   821.409 WAS 1961 03/03/2014 C-1 Books